<?xml version="1.0" encoding="UTF-8"?>
<marc:record xmlns:marc="http://www.loc.gov/MARC21/slim">
   <marc:leader>00000nam a2200000 a 4500</marc:leader>
   <marc:datafield ind1="1" ind2=" " tag="100">
      <marc:subfield code="a">Parvela, Timo</marc:subfield>
      <marc:subfield code="4">aut</marc:subfield>
      <marc:subfield code="e">Verfasser/-in</marc:subfield>
   </marc:datafield>
   <marc:datafield ind1="1" ind2=" " tag="100">
      <marc:subfield code="a">Wilharm, Sabine :</marc:subfield>
   </marc:datafield>
   <marc:datafield ind1="1" ind2=" " tag="100">
      <marc:subfield code="a">Stohner, Anu :</marc:subfield>
      <marc:subfield code="4">trl</marc:subfield>
      <marc:subfield code="e">Übersetzer/-in</marc:subfield>
   </marc:datafield>
   <marc:datafield ind1=" " ind2=" " tag="653">
      <marc:subfield code="a">s||Verhalten</marc:subfield>
   </marc:datafield>
   <marc:datafield ind1=" " ind2=" " tag="653">
      <marc:subfield code="a">s||Hilfe</marc:subfield>
   </marc:datafield>
   <marc:datafield ind1=" " ind2=" " tag="653">
      <marc:subfield code="a">s||Schulklasse</marc:subfield>
   </marc:datafield>
   <marc:datafield ind1=" " ind2=" " tag="653">
      <marc:subfield code="a">g||Finnland</marc:subfield>
   </marc:datafield>
   <marc:datafield ind1=" " ind2=" " tag="653">
      <marc:subfield code="a">s||Lehrer</marc:subfield>
   </marc:datafield>
   <marc:datafield ind1=" " ind2=" " tag="653">
      <marc:subfield code="a">$aFinnland</marc:subfield>
   </marc:datafield>
   <marc:datafield ind1=" " ind2=" " tag="653">
      <marc:subfield code="a">$aSchulklasse</marc:subfield>
   </marc:datafield>
   <marc:datafield ind1=" " ind2=" " tag="653">
      <marc:subfield code="a">$aVerhalten</marc:subfield>
   </marc:datafield>
   <marc:datafield ind1=" " ind2=" " tag="653">
      <marc:subfield code="a">$aKinderbuch</marc:subfield>
   </marc:datafield>
   <marc:datafield ind1=" " ind2=" " tag="653">
      <marc:subfield code="a">$aLehrer</marc:subfield>
   </marc:datafield>
   <marc:datafield ind1=" " ind2=" " tag="653">
      <marc:subfield code="a">$aHilfe</marc:subfield>
   </marc:datafield>
   <marc:datafield ind1="0" ind2="0" tag="245">
      <marc:subfield code="a">Ella in der zweiten Klasse</marc:subfield>
   </marc:datafield>
   <marc:datafield ind1="0" ind2="0" tag="245">
      <marc:subfield code="c">Timo Parvela. Aus dem Finn. von Anu und Nina Stohner. Mit Bildern von Sabine Wilharm</marc:subfield>
   </marc:datafield>
   <marc:datafield ind1=" " ind2="1" tag="264">
      <marc:subfield code="a">München</marc:subfield>
      <marc:subfield code="b">Hanser</marc:subfield>
      <marc:subfield code="c">2008</marc:subfield>
   </marc:datafield>
   <marc:datafield ind1="1" ind2=" " tag="520">
      <marc:subfield code="a">Mit einem Schüler und dem Lehrer im Baum endete das 1. Schuljahr für Ellas Klasse (BA 10/07). Dem verrückten Jahr folgt nun, wie könnte es anders sein, ein ebenso verrücktes zweites. Der gebeutelte Lehrer mit all seinen Macken und die Kinder, die den Kopf voll irrwitziger Fantasien haben, sind dieselben geblieben; immer bereit, Geheimnisse zu sichten, zu lichten und chaotisch zu reagieren. Frischen Wind bringt der neue Schüler Rambo, der ungezählte Vokabeln für seine Schläge auf fremde Nasen kennt. Die Kinder beißen sich an der Idee fest, dass er wohl vom anderen Stern kommt und Lehrer und Eltern seine Verbündeten seien, die den anderen böse wollten. - Wie zuvor (mit Fußnotenhinweisen auf Band 1) wird aus Ellas Perspektive von Aktionen erzählt, die allesamt aus dem Ruder laufen: wie Schülerolympiade, Fußballspiele, gemeinsame Schulnacht. Situationskomik, Katastrophen- und Figurenskizzen sind herzhaft, wortwitzig und mit umwerfender Kinderlogik überzeichnet. In dieser Schule läuft nichts normal! Und genau das verspricht Lese- und Schulmuffeln ungetrübten, filmreifen, kultverdächtigen (Vor-)Lesespaß. . - Auch im 2. Schuljahr hat Ella ihren Spaß! Da gibt es die Schüler-Olympiade, Fußballspiele, die gemeinsame Schulnacht und den neuen Schüler Rambo, der ungezählte Vokabeln für seine Schläge auf fremde Nasen kennt. Dass nichts normal läuft, dafür sorgen die Kinder mit ihren irrwitzigen Ideen. Ab 8.</marc:subfield>
   </marc:datafield>
   <marc:datafield ind1=" " ind2=" " tag="020">
      <marc:subfield code="a">9783446231108</marc:subfield>
      <marc:subfield code="9">9783446231108</marc:subfield>
   </marc:datafield>
   <marc:datafield ind1=" " ind2=" " tag="020">
      <marc:subfield code="a">3446231102</marc:subfield>
      <marc:subfield code="9">3446231102</marc:subfield>
   </marc:datafield>
   <marc:datafield ind1=" " ind2=" " tag="500">
      <marc:subfield code="a">Forts. von: Parvela, Timo: Ella in der Schule. - Forts. u.d.T.: Parvela, Timo: Ella auf Klassenfahrt</marc:subfield>
   </marc:datafield>
   <marc:datafield ind1=" " ind2=" " tag="300">
      <marc:subfield code="a">155 S. : Ill.</marc:subfield>
   </marc:datafield>
</marc:record>
